|
|
|
|
| LEADER |
01931nam a2200397 a 4500 |
| 001 |
EBC1124670 |
| 003 |
MiAaPQ |
| 005 |
20200520144314.0 |
| 006 |
m o d | |
| 007 |
cr cn||||||||| |
| 008 |
110519s2011 enka sb 001 0 eng d |
| 010 |
|
|
|z 2011020768
|
| 020 |
|
|
|z 9781848212978
|
| 020 |
|
|
|a 9781118602102 (electronic bk.)
|
| 035 |
|
|
|a (MiAaPQ)EBC1124670
|
| 035 |
|
|
|a (Au-PeEL)EBL1124670
|
| 035 |
|
|
|a (CaPaEBR)ebr10660546
|
| 035 |
|
|
|a (CaONFJC)MIL450025
|
| 035 |
|
|
|a (OCoLC)828298917
|
| 040 |
|
|
|a MiAaPQ
|c MiAaPQ
|d MiAaPQ
|
| 050 |
|
4 |
|a HD30.23
|b .R396 2011
|
| 082 |
0 |
4 |
|a 658.4/03015
|2 23
|
| 100 |
1 |
|
|a Raynaud, Herve.
|
| 245 |
1 |
0 |
|a Managerial logic
|h [electronic resource] /
|c Herve Raynaud in collaboration with Kenneth J. Arrow.
|
| 260 |
|
|
|a London :
|b ISTE Ltd. ;
|a Hoboken, N.J. :
|b John Wiley & Sons,
|c 2011.
|
| 300 |
|
|
|a xvii, 410 p. :
|b ill.
|
| 504 |
|
|
|a Includes bibliographical references and index.
|
| 505 |
0 |
|
|a The initial problem -- Paradoxes -- Majority method and limited domain -- Intuition can easily suggest errors -- Would transitivity be a prohibitive luxury? -- Helpful tools for the sensible decision-maker -- An important class of choice functions -- Prudent choice functions -- Often implicit axioms -- Coherent choice functions -- Rationality and independence -- Monotonic choice functions -- Sequentially independent rankings -- Prudent rankings -- Coherent condorcet rankings -- Monotonic rankings.
|
| 533 |
|
|
|a Electronic reproduction. Ann Arbor, MI : ProQuest, 2016. Available via World Wide Web. Access may be limited to ProQuest affiliated libraries.
|
| 650 |
|
0 |
|a Decision making.
|
| 650 |
|
0 |
|a Decision making
|x Mathematical models.
|
| 650 |
|
0 |
|a Logic.
|
| 655 |
|
4 |
|a Electronic books.
|
| 700 |
1 |
|
|a Arrow, Kenneth Joseph,
|d 1921-
|
| 710 |
2 |
|
|a ProQuest (Firm)
|
| 856 |
4 |
0 |
|u https://ebookcentral.proquest.com/lib/matrademy/detail.action?docID=1124670
|z Click to View
|